000 00632nam a2200181 a 4500
005 20210223122700.0
008 991125s1955 mx 000 0 spa u
035 _aUPN01000039734
049 _aCE
050 4 _aF2829
_bM6.4
100 1 _aMolina, Raúl A.
_d1897-
245 1 0 _aMisiones americanas en los archivos europeos :
_bv. 7 /
_cRaúl A. Molina.
260 _aMéxico :
_bInstituto Panamericano de Geografía e Historia,
_c1955.
300 _a745 p.
440 0 _aInstituto Panamericano de Geografía e Historia.
_pComisión de Historia.
_pPublicación ;
_v167
651 4 _aARGENTINA -
_xHISTORIOGRAFIA
_97809
905 _aLibro
999 _c39734
_d39734